Účtovanie a vykazovanie záväzkov s neistým časovým vymedzením alebo výškou bakalárska práca

Enregistré dans:
Détails bibliographiques
Auteur principal: Obedová, Veronika
Collectivité auteur: Fakulta hospodárskej informatiky EU. Katedra účtovníctva a audítorstva
Autres auteurs: Ondrušová, Lucia, 1981-
Format: Livre
Langue:slovaque
Publié: Bratislava 2024
Tags: Ajouter un tag
Pas de tags, Soyez le premier à ajouter un tag!

MARC

LEADER 00000nbm a2200000 4500
001 0302665
005 20250131110853.8
041 0 |a slo 
044 |a SK 
245 1 0 |a Účtovanie a vykazovanie záväzkov s neistým časovým vymedzením alebo výškou  |b bakalárska práca  |c Veronika Obedová ; školiteľ: Lucia Ondrušová 
264 1 |a Bratislava  |c 2024 
300 |a 43 s. 
100 1 |a Obedová, Veronika 
700 1 |a Ondrušová, Lucia, 1981- 
710 2 |a Fakulta hospodárskej informatiky EU. Katedra účtovníctva a audítorstva